Parc d’attraction en france - Statistiques

Statistiques générales
  • Ce quiz a été pris 373 fois
  • Le résultat moyen est 6 sur 15
Statistiques - réponses
Hint Réponse % Correct
1 Disneyland Paris
97%
2 Parc Asterix
92%
3 Futuroscope
76%
4 Puy du fou
61%
5 Nigloland
56%
6 Le pal
38%
7 Walibi Rhône Alpes
29%
10 La mer de sable
27%
13 Walygator
26%
9 Saint paul
24%
14 Fraispertuis city
14%
8 Walibi sud ouest
12%
15 Parc du Bocasse
10%
11 Festyland
8%
12 Parc Bagatelle
8%
Aucun quiz correspondant
Distribution des résultats
% des personnes avec chaque résultat
Percentile par nombre de réponses
Votre historique - résultats
Vous n’avez pas pris ce quiz